Расчет гидравлических параметров активной зоны реактора ИРТ-Т; Бутаковские чтения

Detaylı Bibliyografya
Parent link:Бутаковские чтения.— 2024.— С. 192-194
Yazar: Пасько Д. В.
Diğer Yazarlar: Наймушин А. Г. Артем Георгиевич (научный руководитель)
Özet:Текстовый файл
Dil:Rusça
Baskı/Yayın Bilgisi: 2024
Konular:
Online Erişim:http://earchive.tpu.ru/handle/11683/85007
Materyal Türü: Elektronik Kitap Bölümü
KOHA link:https://koha.lib.tpu.ru/cgi-bin/koha/opac-detail.pl?biblionumber=678924

MARC

LEADER 00000naa2a2200000 4500
001 678924
005 20250318144929.0
090 |a 678924 
100 |a 20250303d2024 k||y0rusy50 ca 
101 0 |a rus 
102 |a RU 
135 |a drcn ---uucaa 
200 1 |a Расчет гидравлических параметров активной зоны реактора ИРТ-Т  |f Д. В. Пасько  |g науч. рук. А. Г. Наймушин 
283 |2 RDAcarrier 
320 |a Список литературы: 2 назв 
336 |a Текстовый файл 
463 1 |0 678854  |9 678854  |t Бутаковские чтения  |o сборник статей IV Всероссийской с международным участием молодёжной конференции, 10-12 декабря 2024 г., Томск  |n Изд-во ТПУ  |c Томск  |d 2024  |a Ивашутенко, А. С. (специалист в области электротехники ; 1981-)  |u conference_tpu-2024-C133.pdf  |v С. 192-194 
545 1 |a Теплофизические аспекты энергетических технологий 
610 1 |a труды учёных ТПУ 
610 1 |a электронный ресурс 
610 1 |a ядерный реактор ИРТ-Т 
610 1 |a активная зона 
700 1 |a Пасько  |b Д. В. 
702 1 |a Наймушин  |b А. Г.  |c специалист в области ядерных технологий  |c доцент Томского политехнического университета, кандидат физико-математических наук  |f 1986-  |g Артем Георгиевич  |4 727 
801 0 |a RU  |b 63413507  |c 20250303 
850 |a 63413507 
856 4 |u http://earchive.tpu.ru/handle/11683/85007  |z http://earchive.tpu.ru/handle/11683/85007 
942 |c CF